Score 0/28 Timer 03:00
10 Plays Today
% Correct
Barney Stinson
91.1%
Frasier Crane
89%
Diane Chambers
87.9%
Norm Peterson
87.7%
Sam Malone
87.5%
Cliff Clavin
86.7%
Robin Scherbatsky
85%
Al Bundy
84.6%
Ted Mosby
84.4%
Lily Aldrin
83.9%
Marshall Eriksen
83.5%
Woody Boyd
82.7%
Carla Tortelli
82.3%
Elliot Reid
82%
% Correct
Haley Dunphy
81.7%
Manny Delgado
81.1%
Leslie Knope
79.9%
Carla Espinosa
79.1%
Jay Pritchett
78.8%
Ron Swanson
78.4%
John Dorian
78%
Bob Kelso
77.3%
Perry Cox
76.9%
Cameron Tucker
75.5%
Michael Bluth
75.2%
Tobias Fünke
72.6%
Andy Dwyer
71.9%
Jordan Sullivan
66.3%
Remove Ads.
Support Sporcle.
Get the best of Sporcle when you Go Orange. This ad-free experience offers more features, more stats, and more fun while also helping to support Sporcle. Thank you for becoming a member.

You're not logged in!

Compare scores with friends on all Sporcle quizzes.
OR
Log In

Sporcle TV

Today on Sporcle TV


Watch our educational content, quiz creation guides, and fun videos on Sporcle TV.

Show Comments

Extras

Top Quizzes Today


Score Distribution

Paid Content

Your Account Isn't Verified!

In order to create a playlist on Sporcle, you need to verify the email address you used during registration. Go to your Sporcle Settings to finish the process.

Report this User

Report this user for behavior that violates our Community Guidelines.

Details: